000 00587nam a2200193Ia 4500
005 20260114185821.0
008 008 260114s9999 xx 000 0 eng d
020 _a9780755603688
037 _aEBOOK
040 _aCRL
_beng
_cCRL
041 _aeng
_2eng
084 _qCRL
100 _aMargaret MacNamidhe
_9874752
245 0 _aDelacroix and His Forgotten World The Origins of Romantic Painting
260 _bBloomsbury
_c2015
856 _uhttps://doi.org/10.5040/9780755603688?locatt=label:secondary_bloomsburyCollections
942 _cEBOOK
999 _c1473686
_d1473686